| 000 | 00584nam a22001937a 4500 | ||
|---|---|---|---|
| 999 |
_c166299 _d166299 |
||
| 005 | 20190718165312.0 | ||
| 010 | _aENG-126004 | ||
| 020 |
_c595.00 _a9789353041502 |
||
| 035 | _aEN-109536 | ||
| 037 | _bDBAD/PUB | ||
| 082 | _a338.954 | ||
| 245 |
_aThe path ahead : _ced.by Amitabh Kant _btransformative ideas for India / |
||
| 260 |
_aNew Delhi _bRupa Publications _c2018 |
||
| 270 |
_a7/16, Ansari Road _bDaryaganj, New Delhi _e110002 |
||
| 300 |
_axi,346p. _c22cm(Hb) |
||
| 500 | _aIncludes index | ||
| 700 | _aKant, Amitabh | ||
| 942 |
_2ddc _cEN _h338.954 _mKAN |
||